Paremiológia v cudzom jazyku. Odraz zvieraťa a jedla v mexickej a slovenskej paremiológii

Salvato in:
Dettagli Bibliografici
Autore principale: Maarová, Iveta
Natura: Capitolo di libro
Lingua:slovacco
Soggetti:
Tags: Aggiungi Tag
Nessun Tag, puoi essere il primo ad aggiungerne!!

MARC

LEADER 00000naa$a2200000$$$4500
001 0238028
005 20240502083637.3
041 0 |a slo 
044 |a CZ 
245 1 0 |a Paremiológia v cudzom jazyku. Odraz zvieraťa a jedla v mexickej a slovenskej paremiológii  |c Iveta Maarová 
610 2 0 |a vzdelávanie 
610 2 0 |a jazyky cudzie 
610 2 0 |a frazeológia 
610 2 0 |a komunikácia 
610 2 0 |a zvieratá 
610 2 0 |a potraviny 
610 2 0 |a španielčina 
610 2 0 |a slovenčina 
610 2 0 |a Mexiko 
100 1 |a Maarová, Iveta